000 01405nam a22003617a 4500
003 CHAP
005 20220329135834.0
008 971013s1995 r 10010 d
010 _a43074
011 _a44046
035 _a48184
040 _cCHAP
082 _a630.72
_bR44r
111 0 0 _aReunión de Vinculación con el Sector Agropecuario Mexicano (
_n1
_d: 1995
_c: Chapingo, Méx.)
_996354
245 _aResúmenes
260 _aChapingo, Méx. :
_bUACH. Campo Agrícola Experimental,
_c1995
300 _a83 p.
590 _aBATCH-UPD
_b10
_c20130110
_lUCH01
_h0033
590 _aBATCH-UPD
_b10
_c20130110
_lUCH01
_h1015
590 _aBATCH-UPD
_b10
_c20130409
_lUCH01
_h2016
590 _aBATCH-UPD
_b10
_c20130410
_lUCH01
_h0622
590 _aBATCH-UPD
_b10
_c20130913
_lUCH01
_h2104
590 _aCONVERSION
_b10
_c20130109
_lUCH01
_h1324
650 1 4 _aAgricultura
_xExperimentación.
_91476
650 1 4 _aAgricultura
_xInvestigación
_xMéxico.
_91643
901 _aBK
942 _cLIBRO
949 _a630.72 R44r
_bBC
_cCONG
_d33724000560652
_eCONG
_fc.5
_h89197
_i48184
_mD
_si
949 _a630.72 R44r
_bBC
_cLIBRO
_d33724000024527
_eLIBRO
_h89193
_i48184
_mD
_si
949 _a630.72 R44r
_bBC
_cLIBRO
_d33724000024535
_eLIBRO
_fc.2
_h89194
_i48184
_mD
_si
949 _a630.72 R44r
_bBC
_cLIBRO
_d33724000024543
_eLIBRO
_fc.3
_h89195
_i48184
_mD
_si
949 _a630.72 R44r
_bBC
_cUACH
_d-109316
_eUACH
_fc.4
_h89196
_i48184
_mD
_si
999 _c43074
_d43074